[Event "Belgrade Investbank"]
[Site "Belgrade"]
[Date "1997.11.19"]
[Round "7"]
[White "Beliavsky, Alexander G"]
[Black "Kovacevic, Aleksandar"]
[Result "1-0"]
[WhiteElo "2710"]
[BlackElo "2525"]
[Annotator "Tsesarsky,I"]
[PlyCount "75"]
[EventDate "1997.11.11"]
[EventType "tourn"]
[EventRounds "9"]
[EventCountry "YUG"]
[EventCategory "18"]
[SourceTitle "CBM 062"]
[Source "ChessBase"]
[SourceDate "1998.01.31"]
[SourceVersion "1"]
[SourceVersionDate "1998.01.31"]
[SourceQuality "1"]

1. Nf3 c5 2. c4 g6 3. d4 cxd4 4. Nxd4 Nc6 5. e4 Nf6 6. Nc3 d6 7. Be2 Nxd4 8.
Qxd4 Bg7 9. Bg5 O-O 10. Qd2 (10. Qe3 $6 Be6 11. O-O Qb6 12. Qd2 (12. Qxb6 axb6
13. b3 $132 (13. f4 Rfc8 14. b3 Nd7 15. Rfc1 Bd4+ 16. Kf1 f6 17. Bh4 Nc5 $15) (
13. a4 h6 14. Be3 Nd7 $132)) 12... Qa5 $6 (12... Rfc8 13. b3 a6 $132 14. Kh1
$140 Qa5 15. Rac1 (15. f4 $2 Nd5 $3 16. Nb1 (16. exd5 Bxc3 17. Qe3 Bxa1 18.
dxe6 (18. Rxa1 Bf5 19. Bxe7 Re8 20. Bf1 Rac8 $19) 18... f6 19. Rxa1 fxg5 20.
fxg5 Rc5 $17) 16... Nb4 (16... Qxd2 17. Nxd2 Ne3 18. Bxe7 Rc6 19. Rf3 Bxa1 20.
Rxe3 Re8 $17) 17. e5 $132) 15... b5 16. Nd5 Qxd2 17. Bxd2 Bxd5 18. exd5 Ne4
$132) 13. Rad1 (13. b4 $2 Qxb4 (13... Qa3 14. Rab1 $132) 14. Rab1 Qc5 15. Rxb7
Rfe8 16. Bxf6 Bxf6 17. Nd5 $11) 13... Rfc8 14. b3 a6 15. f4 b5 16. f5 b4 17.
fxe6 bxc3 18. exf7+ Kxf7 19. Qd5+ (19. Qf4 $2 {1/2-1/2 Almasi,I-Tangborn,E/
Budapest Spring op 1992}) 19... Qxd5 20. exd5 $14) 10... Be6 11. Rd1 Qa5 12.
O-O Rfc8 (12... a6 13. Bxf6 (13. b3 b5 14. cxb5 axb5 15. Bxf6 Bxf6 16. Nxb5
Rfb8 17. b4 Qxa2 (17... Qb6 18. a3 Bd7 19. Nc3 Be6 (19... Bc6 20. Nd5 Bxd5 21.
Qxd5 Rxa3 22. b5 $15) 20. Nb1 $44 {1/2-1/2 Sherzer,A-Karolyi,T/HUN-chT 1993 
(56)}) 18. Nc7 Ra3 19. Nxe6 Qxe6 $17) 13... Bxf6 14. Nd5 Qxd2 (14... Qxa2 15.
Nxf6+ exf6 16. Qc3 Qa4 17. Rxd6 Rac8 18. b3 Qa3 19. Rfd1 Rc7 20. h4 Kg7 21. h5
gxh5 22. Rxe6 {1-0 Tiviakov,S-Polak,T/Oakham 1992}) 15. Nxf6+ exf6 16. Rxd2 b5
17. cxb5 axb5 18. a3 Rfb8 19. f4 $16 {- Campora,D-Morovic Fernandez,I/ESP-chT
1994/EXT 94ch (36)}) 13. b3 Rc5 $6 $146 (13... a6 14. Bxf6 Bxf6 15. Nd5 Qxd2
16. Nxf6+ Kg7 17. Nh5+ gxh5 18. Rxd2 Rc5 19. f4 f6 20. a4 (20. Re1 Ra7 21. e5
$5 (21. a4 $14) 21... dxe5 22. Bxh5 b5 23. cxb5 axb5 24. fxe5 Rxe5 25. Rxe5
fxe5 26. Bf3 $132 {1-0 Reeh,O-Vatter,H/BL 1994 (46)}) 20... Rg8 (20... a5 21.
Rf3 Rg8 22. f5 Bf7 23. Rg3+ Kh6 24. Rxg8 Bxg8 25. Kf2 Bf7 26. Rd3 Re5 27. Ke3
Be8 28. Kf4 Bc6 29. Re3 b6 30. Bxh5 Bxe4 31. Rxe4 Kxh5 32. Rd4 Re2 33. Rd3 $2 (
33. g4+ Kh4 (33... Kh6 34. h4 $14) 34. g5 $1 Rxh2 35. gxf6 exf6 36. Rxd6 Rf2+
37. Ke4 Kg5 38. Rxb6 $16) 33... Rf2+ $17 {0-1 Prie,E-Trauth,M/Cannes op 1992/
TD 92\04 (37)}) 21. Rf3 Kh8 22. Rg3 Rxg3 23. hxg3 Kg7 24. Kf2 f5 25. Bxh5 (25.
Ke3 $14) 25... fxe4 26. Be2 a5 27. Ke3 d5 28. Kd4 b6 29. Ke5 $16 {1-0 Prie,
E-Adrian,C/Belfort op 1989/TD 89\04 (39)}) (13... b5 $2 14. Bxf6 Bxf6 15. Nxb5
$16 {De Vreugt,D-Van der Weide,K/Donner mem op 1996/EXT 96op2/1-0 (39)}) (13...
Kf8 14. f4 (14. Bh6 a6 15. Bxg7+ Kxg7 16. f4 b5 17. f5 Bd7 18. g4 h6 19. h4 b4
20. g5 hxg5 21. hxg5 bxc3 22. gxf6+ exf6 23. Qxd6 Rd8 24. b4 Qe5 25. Qxe5 fxe5
26. fxg6 $16 {1-0 Fernandez Cazorla A-Lenoble P/Ch Catalunya 1995 (39)}) 14...
Rc5 15. Bf3 Rxg5 $6 16. fxg5 Nd7 17. Nd5 Qc5+ 18. Qf2 Be5 19. g3 Bxd5 20. Qxc5
Nxc5 21. exd5 $16 {1-0 Renet,O-Tiviakov,S/Clichy op 1991/TD 91\02 (50)}) 14.
Be3 Ng4 $6 (14... Rc6 15. f4 Ng4 16. Bd4 Bxd4+ 17. Qxd4 Nf6 (17... Qc5 $2 18.
f5 $18) 18. e5 $14) 15. Bd4 $16 (15. Bxc5 $2 Bxc3 16. b4 Qa3 17. Qc1 Bb2 18.
Qg5 dxc5 19. Bxg4 Bxc4 (19... Bf6 20. Qf4 Bxc4 21. e5 $16) 20. Qxc5 Bxf1 21.
Kxf1 e5 $15) 15... Bxd4 16. Qxd4 Nf6 (16... Ne5 17. f4 Nc6 18. Qe3 Nb4 19. Rd2
$16) 17. f4 Rd8 (17... Rac8 18. e5 dxe5 19. fxe5 Nd7 20. Nd5 $1 Bxd5 21. cxd5
Qxa2 22. e6 fxe6 23. Bg4 e5 24. Be6+ Kh8 25. Qh4 Rc2 26. Qg5 $18) 18. e5 Ne8
19. g4 $1 Ng7 (19... Rd7 20. Ne4 $6 (20. f5 $1 dxe5 21. Qe3 (21. fxe6 Rxd4 22.
exf7+ Kf8 $19) 21... Rxd1 22. Bxd1 gxf5 23. gxf5 Bd7 24. Qg5+ Ng7 25. f6 exf6
26. Qxf6 Be8 (26... Be6 27. b4 $1 Qxb4 28. Qd8+ Ne8 29. Qxe8+ Kg7 30. Rf3 $16)
27. Ne4 Rc6 28. Qe7 Rg6+ 29. Kh1 Qxa2 30. Nf6+ Rxf6 31. Qxf6 $16) 20... Rcc7
21. f5 dxe5 22. Qf2 Rxd1 23. Rxd1 Bd7 24. Rf1 (24. fxg6 hxg6 25. Rf1 f6 $17)
24... gxf5 25. gxf5 Bc6 26. Qg2+ Kh8 27. Kh1 Nd6 28. Bf3 Nxe4 (28... Nxf5 29.
Rg1 Rc8 30. Qg5 $16) 29. Bxe4 Bxe4 30. Qxe4 Qc5 $15) 20. Qe3 (20. Ne4 $5 Rcc8 (
20... Rc6 21. exd6 exd6 (21... f5 22. gxf5 gxf5 (22... Nxf5 23. Qe5 $1 $18) 23.
Kh1 $1 exd6 (23... fxe4 24. Rg1 $18) 24. Rg1 Rc7 25. Qf6 Rf7 26. Rxg7+ Rxg7 27.
Qxe6+ $18) 22. Nf6+ Kh8 23. Bf3 Rcc8 24. Rf2 $16) 21. exd6 f5 22. gxf5 Bxf5 23.
Bf3 Qxa2 24. Qd5+ e6 25. Nf6+ Kh8 26. Qxb7 Rb8 27. Rf2 $1 $16) 20... Rc6 21.
Nb5 (21. Bf3 Ra6 22. c5 dxc5 (22... dxe5 23. b4 Qc7 24. Qxe5 $18) 23. Rxd8+
Qxd8 24. Bxb7 (24. Qxc5) 24... Rb6 25. Rd1 Qc7 26. Bf3 c4 27. Qd4 Ne8 28. b4 (
28. Nd5 Bxd5 29. Bxd5 cxb3 30. Bxb3 e6 31. Ba4 Rb8 32. Qe3 a6 $14) 28... Rb8 (
28... Rxb4 $2 29. f5 $1 $16) 29. b5 $16) 21... Ra6 $6 (21... a6 $142 22. Nd4
Rc5 23. a3 $3 Qxa3 (23... Qc7 24. b4 Rxc4 25. Nxe6 Nxe6 26. Bxc4 Qxc4 27. Rc1
$16) 24. exd6 exd6 (24... Rxd6 25. Nc2 $18) 25. Nc2 Qb2 26. Qxc5 Qxc2 27. Qe3
$16) 22. exd6 exd6 23. f5 $1 $18 (23. a3 $2 $16) 23... gxf5 $8 24. gxf5 Bc8 (
24... Nxf5 25. Qg5+ Kf8 (25... Ng7 26. b4 Qb6+ 27. c5 $18) 26. b4 h6 27. Qf6
$18) (24... Bxf5 25. Rxf5 Nxf5 26. Qg5+ Ng7 27. b4 $18) 25. f6 Ne6 $8 26. Rf2
$1 (26. Bg4 $2 Qb6 (26... Kh8 27. Qg3 Rg8 $17) 27. Qxb6 Rxb6 28. Nxa7 Bd7 29.
Rf2 $18) 26... Kh8 27. Bd3 (27. Bf3 $5) 27... Rg8+ 28. Rg2 (28. Kh1 Qb6 29.
Qxb6 Rxb6 30. Bf5 Bd7 31. Nxd6 Bc6+ 32. Be4 $18) 28... Rxg2+ 29. Kxg2 Qd8 30.
Qh6 Qg8+ 31. Kh1 Bd7 (31... Nf8 32. Be4 Rxa2 33. Nxd6 Be6 34. Rg1 Ng6 35. Bxg6
fxg6 36. Re1 Rb2 (36... Bd5+ 37. Kg1 Rg2+ 38. Kf1 $18) 37. Rxe6 Rb1+ 38. Kg2
Rb2+ 39. Kg3 Rxb3+ 40. Kf4 g5+ 41. Qxg5 Rf3+ 42. Kxf3 Qxg5 43. Re8+ Qg8 44.
Nf7#) 32. Nc3 (32. Be4 $1 d5 $8 33. cxd5 Nf8 34. Nc3 $18) 32... Ra5 (32... Bc6+
33. Nd5 Nf8 34. Bxh7 $1 $18) 33. Nd5 Nf8 $8 34. Rg1 Ng6 35. Rxg6 $1 fxg6 36.
Ne7 Bc6+ (36... Rh5 37. Nxg8 Bc6+ 38. Kg1 Rxh6 39. Nxh6 $18) 37. Kg1 Qf7 38.
Bxg6 1-0

[Event "EU-ch 1st"]
[Site "Saint Vincent"]
[Date "2000.07.06"]
[Round "4"]
[White "Morovic Fernandez, Ivan"]
[Black "Van der Weide, Karel"]
[Result "1-0"]
[WhiteElo "2608"]
[BlackElo "2467"]
[Annotator "Tsesarsky,I"]
[PlyCount "79"]
[EventDate "2000.07.03"]
[EventType "swiss"]
[EventRounds "11"]
[EventCountry "ITA"]
[SourceTitle "CBM 078"]
[Source "ChessBase"]
[SourceDate "2000.10.18"]
[SourceVersion "1"]
[SourceVersionDate "2000.10.18"]
[SourceQuality "1"]

1. c4 c5 2. Nf3 Nf6 3. Nc3 g6 4. d4 cxd4 5. Nxd4 Nc6 6. e4 d6 7. Be2 Nxd4 8.
Qxd4 Bg7 9. Be3 O-O 10. Qd2 Be6 11. O-O Qa5 12. Rab1 Rfc8 13. Rfc1 a6 (13...
Bxc4 14. Nd5 Qxd2 15. Nxe7+ Kf8 16. Bxd2 Kxe7 17. Rxc4 Rxc4 18. Bxc4 Nxe4 19.
Re1 f5 20. f3 $18) 14. b3 Rab8 15. f3 h5 {This pawn structure is standard in
this variation. The last move idea is to play Bh6 after Qd8-f8 and maybe Kh7.}
(15... Nd7 16. b4 Qd8 17. Nd5 Bxd5 (17... f5 18. Bg5 Nf6 19. Nxf6+ exf6 20. Bf4
$14 {1/2-1/2 Micic,J-Ptacnikova,L/32nd ol (women), Yerevan ARM 1996/ (51)}) 18.
Qxd5 (18. cxd5 $14) 18... Qc7 (18... Rc6 19. Qd2 Rbc8 20. a4 Qc7 (20... Nb6 21.
Qa2 Qc7 22. b5 axb5 23. axb5 $16) 21. b5 $16 {1/2-1/2 Erwich,F-Hendriks,W/
Hoogeveen NED 1999/ (39)}) 19. Qd1 a5 20. a3 axb4 21. axb4 b6 $14 {1/2-1/2
Kudrin,S-Dzindzichashvili,R/USA ch Modesto 1995/(45)}) (15... Kf8 16. Qe1 (16.
b4 {See comments to the game  1-0 Psakhis,L-Rodriguez,A/Andorra 1996/ (42)})
16... Nd7 17. b4 Qd8 18. Nd5 Bxd5 19. cxd5 $14 {1-0 Morovic Fernandez,I-Kudrin,
S/New York 1997/EXP 57/ (25)}) (15... Qd8 16. Kh1 h5 17. a4 Kh7 18. Bd3 Bd7 19.
Re1 Qa5 20. b4 Qd8 21. a5 $14 {1/2-1/2 Zarnicki,P-Minzer,C/Clarin GP 1997 (52)}
) (15... b5 16. b4 Qd8 17. cxb5 axb5 18. Nxb5 Ra8 19. Na7 Rxc1+ 20. Rxc1 $16 {
1-0 Rowson,J-Palliser,R/Scarborough ENG 1999/(26)}) 16. Rc2 {Of course, both
of sides play surround b7-b5 promotion.} Kf8 (16... b5 17. cxb5 axb5 18. b4 Qa3
19. Bd4 Bd7 20. Bd3 $14 {[%csl Rb5][%cal Gb1b3]}) 17. Bf1 Qd8 18. a4 {[%csl
Rb4][%cal Gb7b5] Now to play b7-b5 is more difficult. This move weaken b4
square.} Kg8 ({Interesting is} 18... a5 $5 {[%csl Rb4,Rc5,Re5][%cal Gf6d7,
Gd7c5] with the idea of Blockade on black squares.} 19. Nd5 $1 (19. Rd1 Nd7)
19... Nd7 (19... Nxd5 20. exd5 Bf5 21. Bd3 $14) 20. Bg5 {[%csl Re7]} Bxd5 (
20... f6 21. Be3 Nc5 22. Rcc1 $14 {[%csl Rg6,Rh5]}) 21. exd5 Nc5 22. Qe3 Qc7
23. Re1 $14) 19. Kh1 Kf8 {Black K is dancing on f8-g8 and wait for White
activity.} 20. Rbc1 Kg8 21. Kg1 Kf8 22. Kh1 Kg8 23. Ne2 $1 {[%csl Re6][%cal
Ge2d4,Gd4e6] At last White start to do something.} Nd7 (23... Bd7 24. c5 $1 $14
) 24. Nf4 (24. Nd4 Nc5 25. Nxe6 Nxe6 26. a5 $14 {like in this game}) 24... Nc5
25. Nxe6 Nxe6 26. a5 Nc5 27. Rb1 b6 28. axb6 Qxb6 29. Ra2 $6 $132 (29. b4 $1 a5
30. b5 Ra8 31. Ra2 $14 {[%csl Ra5]}) 29... a5 $6 $14 {Black put mistake.
Instead of this move} ({right was} 29... Qb4 $1 {[%csl Rb4,Rc5][%mdl 32] With
blockade on black squares - one of the main ideas in this opening.} 30. Qf2 (
30. Qxb4 Rxb4 31. Bxc5 dxc5 32. Rxa6 Rcb8 $44) (30. Qc2 Nxb3 31. Rxa6 Nd4 32.
Rxb4 Nxc2 33. Rxb8 Rxb8 34. Rb6 Ra8 35. Bf2 Bd4 36. Bxd4 Nxd4 $17) 30... a5 $11
(30... Nxb3 31. Rxa6 Rb7 $11)) (29... Nxb3 $2 30. Bxb6 (30. Qd3 Qb4 31. Bd2 $16
) 30... Nxd2 31. Rxd2 Rc6 32. c5 dxc5 33. Rd8+ Rxd8 34. Bxd8 $16) 30. Qxa5 Qb4
(30... Qc6 $1 31. b4 Ra8 32. Qxa8 Rxa8 33. Rxa8+ Qxa8 34. bxc5 dxc5 35. Bxc5
Kf8 36. Be3 $14) (30... Qxa5 $6 31. Rxa5 Nxb3 32. Rb5 Rxb5 33. cxb5 Nc5 34. b6
$16) 31. Qxb4 Rxb4 32. Ra5 Rcb8 (32... Nxb3 33. Rb5 $1 Rxb5 (33... Rb8 34.
Rxb8+ Rxb8 35. c5 $18 {[%csl Rb3,Gc5][%cal Gf1c4,Gb1b8]}) 34. cxb5 Nc5 35. b6
$16) 33. Rb5 R8xb5 $4 $18 {Decisive mistake.} ({Good was} 33... Bc3 $1 {
[%csl Rb4,Rc5][%cal Gc3b4]} 34. Bxc5 (34. Be2 R8xb5 35. cxb5 Rxb3 (35... Nxe4
$2 36. fxe4 Rxe4 37. b6 d5 38. b7 Be5 39. Bf2 $18 {[%csl Gb7][%cal Gf2g3,Gb7b8]
}) 36. Rxb3 Nxb3 37. b6 Nc5 38. Bc4 Ba5 39. Bxc5 dxc5 40. b7 Bc7 $11) 34...
dxc5 35. Rxc5 Rxb3 36. Rc8+ Rxc8 37. Rxb3 Bd4 38. g3 Kg7 $14) 34. cxb5 Bd4 ({
Now Black has no enough time for} 34... Rxb3 35. Rxb3 Nxb3 36. b6 Nc5 37. Bxc5
dxc5 38. f4 $1 Bh6 39. g3 $18) 35. Bg5 Bf6 (35... Kf8 36. Bc4 {[%cal Gg5d2]}
Bc3 37. Bc1 $18 {[%csl Rb4][%cal Gc1a3]}) 36. Bxf6 exf6 37. Kg1 (37. Rd1 Nb7
38. Bc4 Na5 39. Kg1 (39. Be2 Nb7 40. Bc4 $18 (40. Ra1 Rxb3 41. Kg1 Nc5 42. Ra8+
Kg7 43. Kf2 $16)) 39... Nxb3 40. Rb1 Rxc4 41. Rxb3 $18) 37... Ne6 (37... Kf8
38. Bc4 Ke7 39. Ra1 (39. Kf2 f5 40. exf5 gxf5 41. Ke3 $18) 39... Nxb3 40. Ra7+
Kd8 41. Bxf7 $18) 38. Rd1 (38. Bc4 Nd4 39. Kf2 $18) 38... Nd4 39. b6 Nb5 (39...
Kf8 40. Bc4 Nxb3 41. Rb1 Rxc4 42. Rxb3 $18) (39... Nxb3 40. Rb1 $18 {[%csl Rb3]
}) 40. Rd5 1-0

[Event "NED-ch58"]
[Site "Leeuwarden"]
[Date "2003.06.27"]
[Round "2"]
[White "Nijboer, Friso"]
[Black "Tiviakov, Sergei"]
[Result "1/2-1/2"]
[WhiteElo "2562"]
[BlackElo "2623"]
[Annotator "Tsesarsky,I"]
[PlyCount "92"]
[EventDate "2003.06.26"]
[EventType "tourn"]
[EventRounds "9"]
[EventCountry "NED"]
[EventCategory "11"]
[SourceTitle "CBM 096"]
[Source "ChessBase"]
[SourceDate "2003.09.25"]
[SourceVersion "1"]
[SourceVersionDate "2003.09.25"]
[SourceQuality "1"]

{[%mdl 12]} 1. e4 c5 2. Nf3 Nc6 3. d4 cxd4 4. Nxd4 g6 5. c4 Nf6 6. Nc3 d6 7.
Be2 Nxd4 8. Qxd4 Bg7 9. Be3 Be6 10. Rc1 O-O 11. Qd2 Qa5 12. f3 Rfc8 13. b3 a6
14. Na4 Qxd2+ 15. Kxd2 Nd7 16. g4 f5 17. exf5 gxf5 18. h3 Rf8 19. f4 Rad8 20.
g5 {The best.} ({Of course, Black was ready for} 20. Bf3 $6 {Badly is} d5 $2 (
20... fxg4 $1 {Strong move.} 21. hxg4 d5 22. cxd5 (22. Bxd5 Nf6 23. Nb6 Nxd5 (
23... Nxg4 24. Rcg1 Kh8 $132) 24. cxd5 Bxg4 $132) 22... Ne5 23. Ke2 (23. fxe5
Rxf3 24. Nb6 Bxd5 25. Nxd5 Rxd5+ 26. Ke2 Rg3 $11) 23... Bxg4 24. Bxg4 Nxg4 25.
Nb6 Nxe3 26. Kxe3 e6 $1 $11) 21. cxd5 Nf6 {in view of} 22. gxf5 $1 (22. Nb6 $2
Nxd5 23. Bxd5 Bxd5 24. Nxd5 Rxd5+ 25. Ke2 e5 $132 {0-1 Coelho,L-Braga,C/
Americana 2001/EXT 2002 (37)}) 22... Bxf5 23. Nb6 Be6 {[%csl Rd5]} 24. Rc7 $16)
20... Nc5 ({Premature is} 20... d5 $6 21. cxd5 Bxd5 22. Rhd1 e5 23. Ke1 Bc6 ({
Or} 23... exf4 24. Rxd5 fxe3 25. Rcd1 {[%csl Rd7][%cal Gd1d8]} b5 26. Nb6 Nxb6
27. Rxd8 $18) 24. Bxa6 exf4 25. Bxf4 Rde8+ 26. Kf1 $16 {1-0 Goloshchapov,A-Van
der Weide,K/Hoogeveen 2001/CBM 84 ext (44)}) 21. Nc3 Ne4+ $2 $16 {This move is
serious positional mistake.} ({Strongly recommended to play} 21... Bd7 $1 22.
Bf3 Bc6 23. Nd5 Rd7 24. b4 (24. Rhe1 e6 25. Bxc5 exd5 26. Bb4 dxc4 27. Bxc6
bxc6 28. Rxc4 c5 $11) 24... Ne4+ 25. Bxe4 fxe4 $11) 22. Nxe4 fxe4 {[%csl Re4]}
23. Bg4 $6 $14 {Returning to Black a good part of advantage.} ({Worth of
attention} 23. Bb6 $1 {Mr Sergey Tiviakov, prepare some defence!} Rc8 (23...
Rde8 24. Ke3 Bf5 25. Rcd1 $16) 24. Ke3 {[%csl Re4]} Rc6 25. Ba5 Bf5 26. Bb4 e5
27. fxe5 Bxe5 28. Rcf1 $16) 23... Bf5 24. Bb6 Rde8 25. Rhf1 $5 (25. Ke3 $144 e5
26. Rcf1 Bxg4 27. hxg4 exf4+ 28. Rxf4 Rxf4 29. Kxf4 {[%csl Rg4,Rg5]} Bc3 30.
Rh6 $14 {A doubled PP g are straight consequence of the move Bg4.}) 25... e5
26. Bxf5 ({Or} 26. Ke3 $6 Bxg4 27. hxg4 exf4+ 28. Rxf4 Rxf4 29. Kxf4 Kf7 30.
Rd1 Re6 $11 {[%csl Rg4,Rg5]}) 26... Rxf5 27. fxe5 Rfxe5 28. h4 e3+ $5 {This
move was recommended by I. Tsesarsky in following game:} (28... h6 $6 {-see
commented with mistakes game 1-0 Gross,D-Brendel,O/Germany 2000/CBM 76
[Tsesarsky,I] (37)}) 29. Ke2 Re4 30. h5 $6 $11 {This inaccuracy allows Black
to equalize:} ({Much better was} 30. Rh1 Bd4 31. Bxd4 Rxd4 32. Rcd1 {and here;}
Rf4 (32... Rg4 $1 33. Kf3 (33. Rh3 $1 Rg2+ (33... h6 34. gxh6 Rg2+ 35. Kd3 Rxa2
36. Rxe3 Rxe3+ 37. Kxe3 Rb2 38. Rd3 Kh7 39. Kd4 Rf2 40. Ke4 Rf6 41. Rf3 Rxh6
42. Rf7+ $16) 34. Kd3 e2 (34... Rxa2 35. Rxe3 Rxe3+ 36. Kxe3 Rb2 37. Rd3 Kf7
38. Ke4 Ke7 39. Re3 b5 40. cxb5 axb5 41. Kd5+ Kd7 42. Rf3 Rd2+ 43. Ke4 Ke7 44.
Rf6 Rb2 45. Rh6 Rxb3 46. Rxh7+ Ke6 47. Rh6+ Ke7 48. h5 $16) 35. Re1 b5 36. cxb5
axb5 37. Re3 Rxe3+ 38. Kxe3 $14) 33... Ree4 34. Rh2 Rxh4 35. Rxh4 e2 $1 (35...
Rxh4 36. Rxd6 Re4 37. Ke2 $16) 36. Rhh1 exd1=Q+ 37. Rxd1 Re6 $11) 33. Rh2 $16 {
[%csl Rd6,Re3]}) 30... Bd4 31. Bxd4 Rxd4 32. Rcd1 Rh4 33. Rh1 Rg4 34. Rhg1 Rh4
35. Rh1 Rg4 36. Rh2 Rxg5 37. Rxd6 Rg1 {[%cal Gg1a1]} 38. Rd1 Rxd1 39. Kxd1 Kg7
40. h6+ Kg6 41. Ke2 a5 42. Rh3 Re6 43. c5 Re5 44. Rxe3 Rxc5 45. Re6+ Kf7 46.
Rb6 Rc2+ 1/2-1/2

[Event "Tan Chin Nam Cup 3rd "]
[Site "Beijing"]
[Date "1997.08.19"]
[Round "10"]
[White "Xie, Jun"]
[Black "Pigusov, Evgeny"]
[Result "1-0"]
[WhiteElo "2495"]
[BlackElo "2560"]
[Annotator "Tsesarsky,I"]
[PlyCount "113"]
[EventDate "1997.08.11"]
[EventType "tourn"]
[EventRounds "11"]
[EventCountry "CHN"]
[EventCategory "12"]
[SourceTitle "CBM 061"]
[Source "ChessBase"]
[SourceDate "1997.11.23"]
[SourceVersion "1"]
[SourceVersionDate "1997.11.23"]
[SourceQuality "1"]

1. e4 c5 2. Nf3 Nc6 3. d4 cxd4 4. Nxd4 g6 5. c4 Nf6 6. Nc3 d6 7. Be2 Nxd4 8.
Qxd4 Bg7 9. Be3 O-O 10. Qd2 Be6 11. O-O Qa5 12. Rfc1 Rfc8 (12... Nxe4 13. Nxe4
Qxd2 14. Nxd2 Bxb2 15. Bf3 Bxc1 (15... Rfb8 $5) 16. Rxc1 Rac8 17. Bxb7 Rc7 18.
Bf3 $16 {1-0 Psakhis,L-Alterman,B/ISR t-ch 1996 (30)}) 13. b3 a6 14. Rab1 (14.
a4 Nd7 15. Rab1 b5 16. b4 Qc7 17. Nd5 Bxd5 18. cxb5 Bxe4 19. Rxc7 Rxc7 20. Rc1
{1-0 Dorfman,J-Nikcevic,N/Cannes op 1995}) 14... Qd8 (14... b5 15. b4 Qd8 16.
cxb5 axb5 (16... Rxc3 17. Qxc3 Bxa2 18. Ra1 axb5 (18... Nxe4 19. Qc6 Bxa1 20.
Rxa1 axb5 21. Qxe4 Bd5 22. Qd4 Rxa1+ 23. Qxa1 $18)) 17. Bxb5 Ra3 18. Bf1 Rcxc3
19. Rxc3 Rxa2 (19... Nxe4 20. Rxa3 $8 Nxd2 21. Bxd2 $16) 20. Qc1 Nxe4 21. Ra3
Rxa3 22. Qxa3 $16 {1-0 Ivanchuk,V-Khalifman,A/Yalta rapid 1995/EXP 47 (41)}) (
14... Rab8 15. f3 Kf8 16. Qe1 Nd7 17. b4 Qd8 18. Nd5 Bxd5 19. cxd5 b6 20. a4 (
20. Bxa6 $18) 20... a5 21. bxa5 bxa5 22. Rb5 Nc5 23. Qd1 (23. Qxa5 $18) 23...
Ra8 24. g4 Kg8 25. Kg2 Qf8 {1-0 Morovic Fernandez,I-Kudrin,S/New York op 1997/
EXP 57}) 15. f3 Nd7 16. Rc2 (16. Nd5 Bxd5 17. Qxd5 Nc5 18. a3 a5 19. Bf1 Qd7
20. Rd1 Rc6 21. Rd2 Qe8 22. Rf2 {1/2-1/2 Belikov,V-Moldovan,D/Gyor-J 1991/EXT
91}) 16... a5 17. a3 Nc5 18. b4 (18. Nb5 a4 19. b4 Nb3 20. Qe1 Bd7 21. Nc3 (21.
Na7 Rc7 22. Qd1 b6 23. Nb5 Bxb5 24. cxb5 Bd4 25. Bxd4 Nxd4 26. Rcc1 Rac8 27.
Bf1 Nc2 $1 28. Bd3 Nxa3 29. Ra1 Rc3 30. Rxc3 Rxc3 31. Qxa4 Rxd3 32. Rxa3 Rxa3
33. Qxa3 $15) 21... Nd4 22. Rcc1 Nxe2+ (22... b5 23. Nxb5 $16) 23. Qxe2 e6 24.
Qd3 Qc7 25. Ne2 $14) 18... axb4 19. axb4 Nd7 (19... Na4 20. Nd5 (20. Nb5 Bd7
21. Nd4 $132) 20... Bxd5 21. exd5 Nb6 22. Bd3 (22. Rd1 Ra3 $1 $132) 22... Ra3
$1 $132 (22... Nd7 23. c5 Ne5 24. Be2 Ra3 25. Ra2 Rxa2 26. Qxa2 $14)) 20. Nd5
Bxd5 21. exd5 b6 (21... Nb6 $11) 22. f4 Ra3 $132 23. Bg4 f5 $6 (23... Rc7 $11)
24. Bf3 $14 Nf6 (24... b5 $2 25. c5 Nb6 26. Qc1 Nc4 27. Rxc4 Rxe3 28. Qxe3 bxc4
29. c6 $16) 25. h3 (25. Bd4 Ne8 26. Re1 Rca8 27. Qf2 Bxd4 28. Qxd4 R8a7 29.
Rce2 Nf6 $132) 25... h5 26. Re1 (26. Bd4 Ne8 27. Bxg7 Kxg7 28. Qd4+ Nf6 29. Re2
Rca8 30. Rbe1 R8a7 31. Qb2 h4 32. Qd4 R3a4 $132) 26... Nd7 27. Kh2 Rca8 (27...
Qc7 28. Bd4 Bxd4 29. Qxd4 Nf6 30. Re6 Rf8 (30... Kf7 31. Rce2 Re8 32. Rxf6+
exf6 33. Rxe8 Kxe8 34. Qxf6 $18) 31. Rce2 (31. c5 bxc5 32. bxc5 Qa7 33. Qd2 Ra1
(33... dxc5 34. d6 exd6 35. Qxd6 Qf7 36. Re7 Rd3 37. Qe5 Qb3 38. Rxc5 Rxf3 (
38... Kh8 39. Rc8 $18) 39. gxf3 Qa2+ 40. Qe2 $18) 34. Qe3 $16) 31... Rf7) 28.
c5 $5 bxc5 29. bxc5 Nxc5 30. Bxc5 dxc5 31. d6 Qxd6 (31... Rxf3 32. dxe7 Qxd2
33. Rxd2 Bd4 34. Ra2 $1 (34. gxf3 Kf7 35. Rde2 Re8 $11) 34... Re8 35. gxf3 Kf7
36. Ra6 $16) 32. Bxa8 Rxa8 33. Qxd6 $5 (33. Rxe7 $5 Bd4 $14 (33... Qxe7 34.
Qd5+ Kh7 35. Qxa8 $14)) 33... exd6 34. Re6 Rd8 (34... Bh6 35. g3 $1 (35. Rxg6+
Kh7 36. Rf6 Bxf4+ 37. Kg1 (37. g3 Be5 38. Rxf5 Kg6 39. Rxe5 (39. Rf3 h4 $17)
39... dxe5 40. Rxc5 $11) 37... Be5 38. Rxf5 Kg6 39. Rf3 $44) 35... Kf7 36. Rxd6
h4 37. Rxc5 Ra2+ 38. Kg1 Ra1+ 39. Kf2 Ra2+ 40. Ke3 Ra3+ 41. Ke2 Ra2+ (41...
hxg3 42. Rc7+ Ke8 43. Rxg6 $18) 42. Kd3 $16) 35. Rxg6 Kf7 36. Rg5 h4 $2 (36...
Rh8 $1 37. Re2 (37. Rxf5+ Ke6 38. Rg5 Bh6 39. Re2+ Kf6 40. Rd5 Bxf4+ $14) 37...
Bh6 $1 (37... Kf6 38. Rd2 Bh6 (38... Bf8 39. Rd5 $16) 39. Rxd6+ Ke7 40. Rxh6
Rxh6 41. Rxf5 $16) 38. Rxf5+ Kg6 39. Rd5 Bxf4+ $14) 37. Rxf5+ $16 Bf6 (37...
Ke6 38. Rh5 Rh8 39. Rxh8 Bxh8 40. g4 $18) 38. Rh5 Rc8 (38... Rg8 $1 39. Re2 c4
40. Rd5 Rd8 41. g4 hxg3+ 42. Kxg3 c3 43. Kf3 Rc8 44. Rc2 Ke6 45. Ra5 d5 46. Rc1
d4 47. Ke4 (47. f5+ $2 Kf7 48. Ra7+ Kf8 49. Ke4 Re8+ 50. Kd5 (50. Kd3 Re3+ 51.
Kc4 d3 52. Rb1 c2 $19) 50... d3 51. Rc7 d2 52. Rb1 Re5+ $19) 47... Re8 48. Kd3
Kf7 49. Ra7+ Kf8 $16 50. Rb1 Re3+ 51. Kc4 Re8 (51... c2 52. Rb8+ Re8 53. Rxe8+
Kxe8 54. Ra1 $18) 52. Rb6 Bg7 53. Rbb7 Bh8 54. Rc7 $18) 39. Rh7+ Ke6 40. Re2+
Kd5 (40... Kf5 41. Rh5+ Kg6 42. Rd5 Rc6 43. g4 hxg3+ 44. Kxg3 c4 45. Re6 $18)
41. Rh5+ Kc6 42. Rh6 Bg7 (42... Bd8 43. Ree6 Bc7 44. Rxh4 $18) 43. Rxh4 c4 44.
Rg4 Bh8 45. f5 Kd5 46. Kg3 c3 47. Rc2 Rb8 (47... Rf8 48. Kf4 Be5+ 49. Kg5 $18)
48. Kf3 Rb2 49. Rc1 Kc5 50. Rg8 Bd4 51. Rc8+ Kd5 52. R8xc3 Rf2+ 53. Kg3 Rxf5
54. Rf3 Rg5+ 55. Kh2 Be5+ 56. g3 Rg8 57. h4 1-0